[Event "Verona-chT Serie C/9 51st"]
[Site "Verona"]
[Date "2019.03.17"]
[Round "5.2"]
[White "Faccia, Sergio"]
[Black "Curti, Carlo"]
[Result "1/2-1/2"]
[WhiteElo "1989"]
[BlackElo "1949"]
[PlyCount "81"]
[EventDate "2019.03.15"]
[EventType "team-tourn"]
[EventRounds "5"]
[EventCountry "ITA"]
[SourceTitle "EXT 2022"]
[Source "ChessBase"]
[SourceDate "2021.10.06"]
[SourceVersion "1"]
[SourceVersionDate "2021.10.06"]
[SourceQuality "1"]
[WhiteTeam "Verona S Bonifacio Cavalli Pazzi"]
[BlackTeam "Vicenza II"]
[WhiteTeamCountry "ITA"]
[BlackTeamCountry "ITA"]

1. e4 c5 2. b4 cxb4 3. Bb2 d5 4. exd5 Nf6 5. Nf3 Nxd5 6. a3 bxa3 7. Nxa3 Nc6 8. Bc4 Bg4 9. 0-0 e6 10. Qe2 Nf6 11. h3 Bh5 12. g4 Bg6 13. d4 Nd5 14. Rfe1 Be7 15. Bxd5 exd5 16. Ne5 Nxe5 17. Qxe5 Kf8 18. Nb5 a6 19. Nc7 Rc8 20. Nxd5 Bd6 21. Ba3 Bxa3 22. Rxa3 f6 23. Qe7+ Qxe7 24. Nxe7 Rc7 25. Nxg6+ hxg6 26. Rae3 Kf7 27. c4 Rhc8 28. d5 Rd7 29. Re4 b5 30. cxb5 axb5 31. Rd4 Rcd8 32. Red1 Ke7 33. Kg2 b4 34. Re4+ Kf7 35. Rxb4 Rxd5 36. Rb7+ Kg8 37. Rc1 R5d7 38. Rcc7 Rxc7 39. Rxc7 g5 40. Kg3 Rd3+ 41. f3 1/2-1/2